Mario Kart Tracks by Appearances - Statistics

General Stats
  • This quiz has been taken 24 times
  • The average score is 15 of 28
Answer Stats
Appears in Cups Answer % Correct
Wii8 (Deluxe) World MushroomShell Lightning Moo Moo Meadows
88%
WiiWorld MushroomLightning Toad's Factory
82%
Double Dash!!Wii 8 Deluxe StarLightning Acorn DK Mountain
76%
78 Deluxe SpecialMoon Rainbow Road
76%
Double Dash!!7 World SpecialLightning Banana Dino Dino Jungle
71%
Super Circuit8 (Deluxe) StarBell Ribbon Road
71%
Super CircuitDS 8 Deluxe LightningLightning Lucky Cat Sky Garden
71%
Double Dash!!DS 8 (Deluxe) MushroomBanana Crossing Baby Park
59%
DS7 8 Deluxe FlowerBanana Turnip Waluigi Pinball
59%
7World StarStar Wario Shipyard
59%
SuperSuper Circuit 8 Deluxe StarStar Spiny Bowser Castle 3
53%
78 (Deluxe) SpecialBanana DK Jungle
53%
DS7 World StarLeaf Star DK Pass
53%
Wii7 8 Deluxe StarLightning Cherry Koopa Cape
53%
DSWii 8 Deluxe SpecialLightning Moon Peach Gardens
53%
Double Dash!!Wii 8 Deluxe FlowerBanana Boomerang Waluigi Stadium
53%
SuperSuper Circuit DS StarStar Lightning Choco Island 2
47%
64DS 8 Deluxe World FlowerLeaf Golden Dash Lightning Choco Mountain
47%
SuperSuper Circuit DS World SpecialSpecial
Leaf Shell
Koopa Beach 2
47%
Wii7 8 Deluxe StarLeaf Rock Maple Treeway
47%
648 (Deluxe) SpecialLeaf Yoshi Valley
47%
DS7 World StarLightning Flower Airship Fortress
41%
64Wii StarLightning Bowser's Castle
41%
7World MushroomFlower Shy Guy Bazaar
41%
64World StarFlower Wario Stadium
41%
Super
Super Circuit
Wii
Flower Flower Shell Ghost Valley 2
35%
Super CircuitDS LightningLeaf Luigi Circuit
35%
Super Circuit7 MushroomMushroom Bowser Castle 1
24%
No matching quizzes found
Score Distribution
Percent of People with Each Score
Percentile by Number Answered
Your Score History
You have not taken this quiz